La prueba en el procedimiento determinativo /
Guardado en:
| Autor Principal: | |
|---|---|
| Formato: | Libro |
| Idioma: | Spanish |
| Publicado: |
Buenos Aires :
Errepar,
c2016.
|
| Series: | Biblioteca profesional y empresaria. Impuestos.
|
| Materias: | |
| Etiquetas: |
Agregar Etiqueta
Sin Etiquetas, Sea el primero en etiquetar este registro!
|
| LEADER | 00747nam a22002055a 4500 | ||
|---|---|---|---|
| 001 | EAD.ead004476 | ||
| 008 | 200909s2016####ag#######b####000#0#spa#d | ||
| 005 | 20200909184925.0 | ||
| 245 | 1 | 3 | |a La prueba en el procedimiento determinativo / |c Ricardo Miguel Chicolino. |
| 260 | |a Buenos Aires : |b Errepar, |c c2016. | ||
| 300 | |a xvii, 201 p. ; |c 22 cm. | ||
| 490 | 1 | |a Biblioteca profesional y empresaria. Impuestos | |
| 504 | |a Incluye referencias bibliográficas. | ||
| 020 | |z 9789870119166 | ||
| 100 | 1 | |a Chicolino, Ricardo Miguel. | |
| 830 | 0 | |a Biblioteca profesional y empresaria. |p Impuestos. | |
| 082 | 0 | 4 | |a 344.3 |2 21 |
| 650 | 7 | |a Procedimiento fiscal. |2 unbist | |
| 650 | 7 | |a Pruebas. |2 mpirdes | |
| 859 | |a AR-BaBDC |b BIB. ADMINISTRACION - Libros |h 344.3 |i C433 |p b06993 | ||
